<?xml version="1.0" encoding="UTF-8"?>
<record
    xmlns:xsi="http://www.w3.org/2001/XMLSchema-instance"
    xsi:schemaLocation="http://www.loc.gov/MARC21/slim http://www.loc.gov/standards/marcxml/schema/MARC21slim.xsd"
    xmlns="http://www.loc.gov/MARC21/slim">

  <leader>01093nam a22001817a 4500</leader>
  <controlfield tag="008">110818t        xxu||||| |||| 00| 0 eng d</controlfield>
  <datafield tag="020" ind1=" " ind2=" ">
    <subfield code="a">0127408525 9780127408521</subfield>
  </datafield>
  <datafield tag="050" ind1=" " ind2=" ">
    <subfield code="a">HD30.22.W43</subfield>
  </datafield>
  <datafield tag="100" ind1=" " ind2=" ">
    <subfield code="a"> Webster, Thomas J.</subfield>
  </datafield>
  <datafield tag="245" ind1=" " ind2=" ">
    <subfield code="a">Managerial economics: theory and practice</subfield>
    <subfield code="c"> Thomas J. Webster</subfield>
  </datafield>
  <datafield tag="260" ind1=" " ind2=" ">
    <subfield code="a">Amsterdam  </subfield>
    <subfield code="a">Boston </subfield>
    <subfield code="b">Academic Press, an imprint of Elsevier Science</subfield>
    <subfield code="c">2003.</subfield>
  </datafield>
  <datafield tag="300" ind1=" " ind2=" ">
    <subfield code="a">xiv, 739 p.</subfield>
    <subfield code="b"> illus.</subfield>
    <subfield code="c">24 cm.</subfield>
  </datafield>
  <datafield tag="500" ind1=" " ind2=" ">
    <subfield code="a">Includes bibliographical references and index</subfield>
  </datafield>
  <datafield tag="505" ind1=" " ind2=" ">
    <subfield code="a">Contents: Introduction -- Introduction to mathematical economics -- The Essentials of demand and supply -- Additional topics in demand theory  -- Production -- Cost -- Profit and revenue maximization -- Market structure: Perfect competition and monopoly -- Market structure: monopolistic competition -- Market structure: duopoly and oligopoly -- Pricing practices -- Capital budgeting -- Introduction to game theory -- Risk and uncertianty -- Market failure and government intervention</subfield>
  </datafield>
  <datafield tag="650" ind1=" " ind2=" ">
    <subfield code="a">Managerial economics. </subfield>
  </datafield>
  <datafield tag="650" ind1=" " ind2=" ">
    <subfield code="a">Economics, Mathematical. </subfield>
  </datafield>
  <datafield tag="942" ind1=" " ind2=" ">
    <subfield code="2">ddc</subfield>
    <subfield code="c">BK</subfield>
  </datafield>
  <datafield tag="999" ind1=" " ind2=" ">
    <subfield code="c">10</subfield>
    <subfield code="d">7510</subfield>
  </datafield>
  <datafield tag="952" ind1=" " ind2=" ">
    <subfield code="0">0</subfield>
    <subfield code="1">0</subfield>
    <subfield code="2">lcc</subfield>
    <subfield code="4">0</subfield>
    <subfield code="7">0</subfield>
    <subfield code="a">WIUC-1</subfield>
    <subfield code="b">WIUC-1</subfield>
    <subfield code="c">REF</subfield>
    <subfield code="d">2011-08-18</subfield>
    <subfield code="l">0</subfield>
    <subfield code="o">HD30.22.W43REF</subfield>
    <subfield code="p">007/11</subfield>
    <subfield code="r">2011-08-18 00:00:00</subfield>
    <subfield code="w">2011-08-18</subfield>
    <subfield code="y">BK</subfield>
  </datafield>
  <datafield tag="952" ind1=" " ind2=" ">
    <subfield code="0">0</subfield>
    <subfield code="1">0</subfield>
    <subfield code="2">lcc</subfield>
    <subfield code="4">0</subfield>
    <subfield code="7">0</subfield>
    <subfield code="a">WIUC-1</subfield>
    <subfield code="b">WIUC-1</subfield>
    <subfield code="c">REF</subfield>
    <subfield code="d">2011-08-22</subfield>
    <subfield code="l">0</subfield>
    <subfield code="o">HD30.22.W431REF</subfield>
    <subfield code="p">057/11</subfield>
    <subfield code="r">2011-08-22 00:00:00</subfield>
    <subfield code="w">2011-08-22</subfield>
    <subfield code="y">REF</subfield>
  </datafield>
  <datafield tag="952" ind1=" " ind2=" ">
    <subfield code="0">0</subfield>
    <subfield code="1">0</subfield>
    <subfield code="2">lcc</subfield>
    <subfield code="4">0</subfield>
    <subfield code="7">0</subfield>
    <subfield code="a">WIUC-1</subfield>
    <subfield code="b">WIUC-1</subfield>
    <subfield code="c">REF</subfield>
    <subfield code="d">2011-08-22</subfield>
    <subfield code="l">0</subfield>
    <subfield code="o">HD30.22.W432REF</subfield>
    <subfield code="p">058/11</subfield>
    <subfield code="r">2011-08-22 00:00:00</subfield>
    <subfield code="w">2011-08-22</subfield>
    <subfield code="y">BK</subfield>
  </datafield>
</record>
